| 000 | 01132nam a2200289 i 4500 | ||
|---|---|---|---|
| 003 | CO-ViMGA | ||
| 005 | 20230915224425.0 | ||
| 008 | 201204s2020 ck a cr 000 1 spa d | ||
| 020 | _a9789584292193 | ||
| 040 |
_aCO-ViMGA _bspa _cCO-ViMGA |
||
| 084 | _aLM ROM4 | ||
| 100 | 1 |
_aRomero, Flor _d1933-2018 _eautora _9163134 |
|
| 245 | 1 | 3 |
_aLa laguna encantada de Iguaque : _bcuentos miticos colombianos / _cFlor Romero ; ilustraciones de Liliana Ospina |
| 250 | _aEdicion especial | ||
| 260 |
_aBogota : _bEditorial Planeta Colombiana, _c2020 |
||
| 300 |
_a62 paginas _bilustraciones _c21 cm |
||
| 490 | 0 | _aPlan Nacional de Lectura y Escritura Leer es mi Cuento / Ministerio de Cultura | |
| 490 | 0 | _aPlaneta lector | |
| 650 | 1 | 7 |
_2LEMB _aAnimales fabulosos _vLeyendas _9162983 |
| 650 | 1 | 7 |
_2LEMB _aAutores colombianos _9163135 |
| 650 | 1 | 7 |
_2LEMB _aLeyendas indigenas colombianas _921961 |
| 650 | 1 | 7 |
_2LEMB _aLiteratura indigena colombiana _92248 |
| 650 | 1 | 7 |
_2LEMB _aMitologia indigena colombiana _959078 |
| 650 | 1 | 7 |
_2LEMB _aOro _v Leyendas _9163136 |
| 700 | 1 |
_aOspina, Liliana _e ilustradora _9163137 |
|
| 942 |
_2ddc _cBK |
||
| 999 |
_c9079 _d9079 |
||